| 000 | 00804nam a2200253 a 4500 | ||
|---|---|---|---|
| 001 | 000024048 | ||
| 005 | 20200930022656.0 | ||
| 008 | 110118s1968 sp a r 001 0 spa d | ||
| 040 |
_aDO-SdBNP _bspa _cBNPHU |
||
| 082 |
_a620.11223 _bS437f |
||
| 100 | 1 |
_aScully, J. C. _949413 |
|
| 245 | 1 | 0 |
_aFundamentos de la corrosión / _cJ. C. Scully ; traducción Sebastián Feliu. |
| 260 |
_aMadrid : _bAlhambra, _c1968. |
||
| 300 |
_a216 p. : _bil. ; _c20 cm. |
||
| 490 | 1 |
_aExedra ; _v33 |
|
| 500 | _aIncluye índice de materias. | ||
| 500 | _aIncluye bibliografía p. [209-214]. | ||
| 534 | _aThe fundamentals of corrosion. | ||
| 650 | 4 |
_aCorrosión y anticorrosivos _915320 |
|
| 650 | 4 |
_aOxidación _915323 |
|
| 700 | 1 |
_aFeliu, Sebastián, _etr. _949414 |
|
| 830 | 0 |
_aExedra ; _n33 _949415 |
|
| 049 | _aBNGR | ||
| 999 |
_c23543 _d23543 |
||